000 00306nam a22001337a 4500
008 190222b xxu||||| |||| 00| 0 eng d
020 _a9781418051914
041 _aeng
080 _a341
100 _a13
101 _aSHJ
245 _aHotel, Restaurant and Travel Law
_cCourneyer, N.G
942 _2udc
_cBK
999 _c54112
_d54112